Economic trends in Communist China : (Record no. 2160)
[ view plain ]
| 000 -LEADER | |
|---|---|
| fixed length control field | 01308cam a2200313 4500 |
| 001 - CONTROL NUMBER | |
| control field | 2160 |
| 003 - CONTROL NUMBER IDENTIFIER | |
| rucl marc code | BD-RjUL |
| 005 - DATE AND TIME OF LATEST TRANSACTION | |
| control field | 20211208233508.0 |
| 008 - FIXED-LENGTH DATA ELEMENTS--GENERAL INFORMATION | |
| fixed length control field | 131210s1968 stka b 101 0 eng |
| 020 ## - INTERNATIONAL STANDARD BOOK NUMBER | |
| International Standard Book Number | 0852240430 |
| 035 ## - SYSTEM CONTROL NUMBER | |
| System control number | (BD-RjUL)2187 |
| 040 ## - CATALOGING SOURCE | |
| Original cataloging agency | DLC |
| Transcribing agency | DLC |
| Modifying agency | DLC |
| -- | BD-RjUL |
| Language of cataloging | eng |
| 041 ## - LANGUAGE CODE | |
| Language code of text/sound track or separate title | eng |
| 082 00 - DEWEY DECIMAL CLASSIFICATION NUMBER | |
| Classification number | 330.951 |
| Edition number | 16 |
| Author mark and year | ECO 1968 |
| 245 00 - TITLE STATEMENT | |
| Title | Economic trends in Communist China : |
| Remainder of title | [revised proceedings of a conference at Carmel, California, October 1965, under the sponsorship of the Social Science Research Council Committee on the Economy of China]; / |
| Statement of responsibility, etc. | edited by Alexander Eckstein, Walter Galenson and Ta-Chung Liu. |
| 260 ## - PUBLICATION, DISTRIBUTION, ETC. (IMPRINT) | |
| Place of publication, distribution, etc. | Edinburgh : |
| Name of publisher, distributor, etc. | Edinburgh U.P. , |
| Date of publication, distribution, etc. | c1968. |
| 300 ## - PHYSICAL DESCRIPTION | |
| Pagination | 757 p. ; |
| Size | 24 cm. |
| 350 ## - PRICE (NR) (BK AM CF MU VM SE) [OBSOLETE] | |
| Price | 6/- |
| 504 ## - BIBLIOGRAPHY, ETC. NOTE | |
| Bibliography, etc | Includes bibliographical references and index. |
| 651 #0 - SUBJECT ADDED ENTRY--GEOGRAPHIC NAME | |
| Geographic name | China |
| General subdivision | Economic conditions |
| Chronological subdivision | 1949-1976. |
| 9 (RLIN) | 7076 |
| 700 1# - ADDED ENTRY--PERSONAL NAME | |
| Personal name | Eckstein, Alexander, |
| Dates associated with a name | 1915- |
| Relator term | ed. |
| Personal name | Galenson, Walter, |
| Dates associated with a name | 1914-1999, |
| Relator term | ed. |
| Personal name | Liu, Ta-chung, |
| Dates associated with a name | 1914-1975. |
| 710 2# - ADDED ENTRY--CORPORATE NAME | |
| Corporate name or jurisdiction name as entry element | Social Science Research Council. |
| Subordinate unit | Committee on the Economy of China. |
| 9 (RLIN) | 7080 |
| 856 ## - ELECTRONIC LOCATION AND ACCESS | |
| Uniform Resource Identifier | <a href="http://www.worldcat.org/title/economic-trends-in-communist-china/oclc/251502465&referer=brief_results">http://www.worldcat.org/title/economic-trends-in-communist-china/oclc/251502465&referer=brief_results</a> |
| 942 ## - ADDED ENTRY ELEMENTS (KOHA) | |
| Source of classification or shelving scheme | Dewey Decimal Classification |
| Koha item type | Books |
| Lost status | Source of classification or shelving scheme | Damaged status | Not for loan | Collection code | Permanent Location | Current Location | Shelving location | Date acquired | Source of acquisition | Cost, normal purchase price | Total Checkouts | Full call number | Date last seen | Copy number | Koha item type |
|---|---|---|---|---|---|---|---|---|---|---|---|---|---|---|---|
| Dewey Decimal Classification | Not For Loan | Non-fiction | Central Library, University of Rajshahi | Central Library, University of Rajshahi | Reading Room | 15/07/1970 | Sweet + Zeithlinger | 120.00 | 330.951 ECO 1968 | 10/12/2013 | C-1 | Books |